| 000 | 01866nam a22002417a 4500 | ||
|---|---|---|---|
| 008 | 231106s2023 xxk|||||ol|||o00| 0 eng d | ||
| 041 | _aeng | ||
| 110 | _aParliament | ||
| 245 | _aLevelling-up and Regeneration Act 2023 | ||
| 260 | _c2023 | ||
| 520 | _aAn Act to make provision for the setting of levelling-up missions and reporting on progress in delivering them; about local democracy; about town and country planning; about Community Infrastructure Levy; about the imposition of infrastructure Levy; about environmental outcome reports for certain consents and plans; about nutrient pollution standards; about regeneration; about the compulsory purchase of land; about information and records relating to land, the environment or heritage; about the registration of short-term rental properties; for the provision for pavement licences to be permanent; about governance of the Royal Institution of Chartered Surveyors; about the charging of fees in connection with marine licences; for a body to replace the Health and Safety Executive as the building safety regulator; about the transfer of land for Academy schools; about the review of maps of open country and registered common land; about the regulation of childminding; about qualifying leases under the Building Safety Act 2022; about road user charging schemes in London; about National Parks, areas of outstanding natural beauty and the Broads; and for connected purposes. | ||
| 650 | _aCOMMON LAND | ||
| 650 | _aCOMPULSORY PURCHASE | ||
| 650 | _aBUILDING SAFETY ACT 2022 | ||
| 650 | _aFIRE SAFETY | ||
| 650 | _aHOUSING | ||
| 650 | _aLEVELLING-UP AND REGENERATION ACT 2023 | ||
| 650 | _aMARINE LICENCES | ||
| 650 | _aPOLLUTION | ||
| 651 | _aUnited Kingdom | ||
| 856 |
_uhttps://www.legislation.gov.uk/ukpga/2023/55/contents/enacted _zAvailable on legislation.gov.uk |
||
| 942 | _n0 | ||
| 999 |
_c121697 _d121697 |
||